000 00750 a2200241 4500
999 _c10626
_d10626
020 _a9781509827527
050 _aPR823.92
_bWIT 2018
100 _aWhitehouse, David
_d 1981-
_eauthor
245 _aThe long forgotten /
_cDavid Whitehouse
264 _aLondon :
_bPicador,
_c2018
300 _a287 pages ; 23 cm
336 _1text
_2txt
_ardacontent
337 _1unmediated
_2n
_ardamedia
338 _1volume
_2nc
_ardacarrier
500 _aNo index
504 _aNo bibliography
505 _aNo contents page
520 _aIncludes summary
650 _aAircraft accidents
_xInvestigation -- Fiction.
650 _aAircraft accident victims
_xFiction.
650 _a False memory syndrome
_x Fiction.
942 _2lcc
_cBK
_h823.92
_iWIT
_kPR